| 000 | 00653cam a22002052 4500 | ||
|---|---|---|---|
| 001 | 0000003443 | ||
| 005 | 20151217151925.0 | ||
| 008 | 070507s xx 000 0 eng d | ||
| 020 |
_a047113161X : _cUSD 16.95 |
||
| 040 |
_aKABU _cKABU |
||
| 050 | 0 |
_aKF1659 _b.Z9A33 1996 |
|
| 100 | 1 |
_aAdams, Paul. _@0000153376 |
|
| 245 | 1 | 0 |
_a155 legal do's (and don'ts) for the small business / _cPaul Adams. |
| 260 |
_aNew York : _bJohn Wiley & Sons, _cc1996. |
||
| 300 | _axv, 239 p. | ||
| 650 | 0 |
_aSmall business _xLaw and legislation _zUnited States. _@0000153377 |
|
| 908 | _a070507 | ||
| 950 | _@1 | ||
| 999 |
_c6407 _d6407 |
||